<?xml version="1.0" encoding="UTF-8"?>
<record
    xmlns:xsi="http://www.w3.org/2001/XMLSchema-instance"
    xsi:schemaLocation="http://www.loc.gov/MARC21/slim http://www.loc.gov/standards/marcxml/schema/MARC21slim.xsd"
    xmlns="http://www.loc.gov/MARC21/slim">

  <leader>01634nam a2200289 a 4500</leader>
  <controlfield tag="001">000021210</controlfield>
  <controlfield tag="003">DO-SdBNP</controlfield>
  <controlfield tag="005">20250318154220.0</controlfield>
  <controlfield tag="008">100902t1991    xxua          000 0 spa d</controlfield>
  <datafield tag="020" ind1=" " ind2=" ">
    <subfield code="a">1560631597</subfield>
  </datafield>
  <datafield tag="040" ind1=" " ind2=" ">
    <subfield code="a">DO-SdBNP</subfield>
    <subfield code="b">spa</subfield>
    <subfield code="c">BNPHU</subfield>
  </datafield>
  <datafield tag="049" ind1=" " ind2=" ">
    <subfield code="a">BNPD</subfield>
  </datafield>
  <datafield tag="082" ind1=" " ind2="4">
    <subfield code="a">923.9</subfield>
    <subfield code="b">C719L</subfield>
    <subfield code="2">22</subfield>
  </datafield>
  <datafield tag="100" ind1="1" ind2=" ">
    <subfield code="a">Lockward P&#xE9;rez, Jorge Alfonso,</subfield>
    <subfield code="d">1937-2001</subfield>
    <subfield code="9">2059</subfield>
  </datafield>
  <datafield tag="245" ind1="1" ind2="0">
    <subfield code="a">Algunas cruces altas con el "Libro de las profec&#xED;as", de Cristobal Col&#xF3;n /</subfield>
    <subfield code="c">Alfonso Lockward.</subfield>
  </datafield>
  <datafield tag="260" ind1=" " ind2=" ">
    <subfield code="a">Miami :</subfield>
    <subfield code="b">Unilit,</subfield>
    <subfield code="c">1991.</subfield>
  </datafield>
  <datafield tag="300" ind1=" " ind2=" ">
    <subfield code="a">298 p. :</subfield>
    <subfield code="b">il. ;</subfield>
    <subfield code="c">22 cm.</subfield>
  </datafield>
  <datafield tag="500" ind1=" " ind2=" ">
    <subfield code="a">Incluye &#xED;ndice onom&#xE1;stico.</subfield>
  </datafield>
  <datafield tag="500" ind1=" " ind2=" ">
    <subfield code="a">Incluye bibliograf&#xED;a y notas al final de cap&#xED;tulos.</subfield>
  </datafield>
  <datafield tag="504" ind1=" " ind2=" ">
    <subfield code="a">Bibliograf&#xED;a : p. 285-287.</subfield>
  </datafield>
  <datafield tag="505" ind1="0" ind2=" ">
    <subfield code="t">Algunas cruces altas --</subfield>
    <subfield code="t">Los conocimientos b&#xED;blicos de Col&#xF3;n --</subfield>
    <subfield code="t">Origen jud&#xED;o de Col&#xF3;n --</subfield>
    <subfield code="t">La influencia de la iglesia --</subfield>
    <subfield code="t">Lo material y lo espiritual --</subfield>
    <subfield code="t">La conversi&#xF3;n de los indios --</subfield>
    <subfield code="t">La conquista de Jerusal&#xE9;n --</subfield>
    <subfield code="t">El misticismo de Col&#xF3;n --</subfield>
    <subfield code="t">El mesianismo de Col&#xF3;n --</subfield>
    <subfield code="t">La escatolog&#xED;a del Almirante --</subfield>
    <subfield code="t">El Dios de Col&#xF3;n --</subfield>
    <subfield code="t">La devoci&#xF3;n mariana de Col&#xF3;n --</subfield>
    <subfield code="t">Los sufrimientos de Col&#xF3;n --</subfield>
    <subfield code="t">Detalles sobre el Libro de las profec&#xED;as --</subfield>
    <subfield code="t">Libro de las profec&#xED;as /</subfield>
    <subfield code="r">Crist&#xF3;bal Col&#xF3;n --</subfield>
    <subfield code="t">Bibliograf&#xED;a --</subfield>
    <subfield code="t">&#xCD;ndice de personas y lugares.</subfield>
  </datafield>
  <datafield tag="600" ind1="1" ind2="4">
    <subfield code="a">Col&#xF3;n , Crist&#xF3;bal,</subfield>
    <subfield code="d">1451-1506</subfield>
    <subfield code="t">Libro de las profec&#xED;as </subfield>
    <subfield code="x">Cr&#xED;tica e interpretaci&#xF3;n </subfield>
    <subfield code="9">44338</subfield>
  </datafield>
  <datafield tag="600" ind1=" " ind2="4">
    <subfield code="a">Col&#xF3;n, Crist&#xF3;bal,</subfield>
    <subfield code="d">1436-1456</subfield>
    <subfield code="x">Religi&#xF3;n</subfield>
    <subfield code="9">19795</subfield>
  </datafield>
  <datafield tag="651" ind1=" " ind2="4">
    <subfield code="a">Am&#xE9;rica --</subfield>
    <subfield code="x">Descubrimiento y exploraci&#xF3;n  --</subfield>
    <subfield code="x">Espa&#xF1;oles</subfield>
    <subfield code="9">544</subfield>
    <subfield code="v">Ensayo, conferencias, etc.</subfield>
  </datafield>
  <datafield tag="910" ind1=" " ind2=" ">
    <subfield code="a">Validado. Control de calidad EMS.</subfield>
  </datafield>
  <datafield tag="942" ind1=" " ind2=" ">
    <subfield code="2">ddc</subfield>
    <subfield code="c">LBS1</subfield>
  </datafield>
  <datafield tag="952" ind1=" " ind2=" ">
    <subfield code="0">0</subfield>
    <subfield code="1">0</subfield>
    <subfield code="5">0</subfield>
    <subfield code="7">1</subfield>
    <subfield code="8">MO</subfield>
    <subfield code="a">PD</subfield>
    <subfield code="b">PD</subfield>
    <subfield code="c">HD</subfield>
    <subfield code="d">2010-09-02</subfield>
    <subfield code="i">LF1</subfield>
    <subfield code="l">0</subfield>
    <subfield code="o">923.9 C719L</subfield>
    <subfield code="p">21210-10</subfield>
    <subfield code="r">2020-06-25</subfield>
    <subfield code="w">2020-06-25</subfield>
    <subfield code="y">1</subfield>
    <subfield code="Z">No se presta</subfield>
  </datafield>
  <datafield tag="999" ind1=" " ind2=" ">
    <subfield code="c">20711</subfield>
    <subfield code="d">20711</subfield>
  </datafield>
</record>
